Quiz Trouve le prénom Version Disney - Statistiques

Statistiques générales
  • Ce quiz a été pris 1 029 fois
    433 depuis la dernière actualisation
  • Le résultat moyen est 14 sur 21
Statistiques - réponses
Hint Réponse % Correct
La reine des neiges : Elsa
99%
La reine des neiges Anna
96%
La Petite Sirène Ariel
92%
La Belle et la Bête Belle
89%
La Belle au bois dormant Aurore
85%
Mulan Mulan
85%
Raiponce Raiponce
85%
Cendrillon Ella (cendrillon)
84%
Vaiana : La Légende du bout du monde Vaiana
84%
Aladdin Jasmine
83%
Blanche-Neige Blanche Neige
81%
La Princesse et la Grenouille Tiana
79%
Pocahontas Pocahontas
75%
Rebelle Mérida
72%
Le roi Lion Nala
72%
Les Mondes de Ralph Vanelloppe
57%
La Belle et le Clochard Lady
51%
Le roi Lion 2 Kiara
33%
Mulan 2 Mei
10%
Mulan 2 Ting-Ting
10%
Mulan 2 Su
9%
Aucun quiz correspondant
Distribution des résultats
% des personnes avec chaque résultat
Percentile par nombre de réponses
Votre historique - résultats
Vous n’avez pas pris ce quiz depuis la dernière actualisation